01013 a2200193 45000010006000000050017000060080041000230030015000640400040000790800065001192450118001840200022003022640075003243000019003995050271004180410008006891000022006978560100007193824620260407155647.0260407a2015 arg spa dAR-UNSa-BCEJYS aAR-UNSa-BCEJYSbspacAR-UNSa-BCEJYS a341.1/.8xDerecho Internacional Público. Derecho de Gentes10aLa súplica de Erispderecho internacional, discurso normativo y restricciones de la guerra en la Antigua Grecia a978-950-23-2491-3 1aBuenos Aires :bEUDEBA (Editorial Universitaria de Buenos Aires)c2015 a342 p.c23 cm. a1. Normatividad, hegemonía y performance democrática: el caso de Atenas - 2. Las póleis griegas y su subjetividad internacional - 3. El ius ad bellum y sus límites en el derecho inter-póleis - 4. El ius in bello y sus límites en el derecho inter-póleis aspa1 aBuis, Emiliano J.41uhttps://biblioeco.unsa.edu.ar/pmb/images/libros/suplica_buis.jpgyImagen de portadaqimage/jpeg